Test de rapidité - Tapez le plus vite possible sur clavier #4 (medium) - Statistiques

Statistiques générales
  • Ce quiz a été pris 604 fois
    595 depuis la dernière actualisation
  • Le résultat moyen est 99 sur 300
Statistiques - réponses
Réponses % Correct
O
100%
P
100%
I
96%
I
96%
O
96%
P
96%
I
94%
O
94%
P
94%
P
93%
O
92%
I
91%
I
91%
I
91%
I
91%
O
91%
O
91%
O
91%
P
91%
P
91%
P
91%
P
90%
I
89%
O
89%
I
88%
O
88%
P
88%
I
87%
O
87%
P
87%
P
87%
O
86%
I
85%
P
85%
I
82%
O
82%
P
82%
I
81%
O
81%
O
81%
P
81%
I
80%
P
80%
I
79%
O
79%
P
79%
I
78%
O
78%
P
76%
O
75%
I
74%
P
73%
I
71%
O
71%
I
70%
O
70%
P
70%
O
69%
P
69%
I
68%
O
67%
P
67%
I
66%
I
66%
O
66%
P
66%
O
65%
P
65%
I
64%
O
64%
P
64%
I
63%
P
62%
I
61%
I
61%
I
61%
O
61%
O
61%
O
61%
P
61%
P
61%
P
60%
I
59%
O
59%
P
57%
I
56%
O
56%
P
56%
O
55%
I
54%
P
52%
I
51%
O
51%
P
51%
I
50%
I
50%
O
50%
O
50%
P
50%
P
50%
O
47%
I
45%
P
45%
I
44%
O
44%
P
44%
I
43%
O
43%
P
43%
O
41%
I
39%
P
39%
I
37%
O
37%
P
37%
I
36%
I
36%
O
36%
O
36%
P
36%
P
36%
I
34%
O
34%
P
33%
I
32%
O
32%
O
31%
P
31%
I
30%
I
30%
O
30%
P
30%
I
29%
O
29%
P
29%
I
28%
I
28%
O
28%
O
28%
P
28%
P
28%
I
27%
O
27%
P
27%
O
25%
P
25%
I
23%
P
22%
O
21%
I
19%
P
19%
O
18%
I
17%
P
17%
I
16%
O
16%
I
14%
O
14%
P
14%
I
13%
I
13%
I
13%
I
13%
O
13%
O
13%
O
13%
O
13%
P
13%
P
13%
P
13%
P
13%
I
12%
O
12%
P
12%
P
12%
O
11%
I
10%
I
10%
O
10%
O
10%
P
10%
P
10%
I
9%
I
8%
O
8%
P
8%
I
7%
I
7%
I
7%
I
7%
I
7%
I
7%
I
7%
O
7%
O
7%
O
7%
O
7%
O
7%
O
7%
O
7%
P
7%
P
7%
P
7%
P
7%
P
7%
P
7%
P
7%
P
7%
I
6%
O
6%
O
5%
P
5%
I
4%
I
4%
I
4%
I
4%
I
4%
I
4%
O
4%
O
4%
O
4%
O
4%
O
4%
P
4%
P
4%
P
4%
P
4%
P
4%
I
3%
I
3%
I
3%
O
3%
O
3%
O
3%
P
3%
P
3%
P
3%
I
2%
I
2%
O
2%
O
2%
P
2%
P
2%
I
1%
I
1%
I
1%
I
1%
I
1%
I
1%
I
1%
I
1%
I
1%
I
1%
I
1%
I
1%
I
1%
I
1%
I
1%
I
1%
I
1%
I
1%
I
1%
O
1%
O
1%
O
1%
O
1%
O
1%
O
1%
O
1%
O
1%
O
1%
O
1%
O
1%
O
1%
O
1%
O
1%
O
1%
O
1%
O
1%
O
1%
O
1%
P
1%
P
1%
P
1%
P
1%
P
1%
P
1%
P
1%
P
1%
P
1%
P
1%
P
1%
P
1%
P
1%
P
1%
P
1%
P
1%
P
1%
P
1%
P
1%
Aucun quiz correspondant
Distribution des résultats
% des personnes avec chaque résultat
Percentile par nombre de réponses
Votre historique - résultats
Vous n’avez pas pris ce quiz depuis la dernière actualisation